000 00217 a2200097 4500
001 32658
100 _aDornberg, J
245 _aTambur laine the con
260 _aLondon
_bHodder & Stoughton
_c
090 _c21871
_d21871
942 _aNUST-CAE
_c
_c13193
999 _c267731
_d267731